000 00288nam a22001217a 4500
008 181106b xxu||||| |||| 00| 0 eng d
041 _aeng
080 _a610
100 _a4
101 _aSHM
245 _aGuides to the Evaluation of Permanent Impairment
_cBarclay,W.R
942 _2udc
_cBK
999 _c51933
_d51933